000 00459cam a22001097a 4500
008 180718b1981 xxu||||| |||| 00| 0 eng d
082 _aL212x94 Au78
245 _aReport on state tax sharing entitlements 1981
_cby Commonwealth Grants Commission
260 _aCanberra
_bAustralian Government Publixhing Service
_c1981
500 _aContents: Library has v.1: main report and v.2: appendixes, v.3: reports of consultants
700 _aCommonwealth Grants Commission
999 _c500506
_d500506